000
00278nam a22001097a 4500
082
_a
671.823 GRA'A
100
_a
GRAHAM, FRANK D,ANDERSON, EDWIN P
_9
58082
245
_a
AUDELS SHEET METAL WORKERS HANDBOOK
260
_a
NEWYORK
_b
THEO AUDEL
_c
1960
300
_a
397P
942
_c
BK
999
_c
568295
_d
568295